Análisis de las propiedades mecánicas de la madera
Guardado en:
| Autor principal: | |
|---|---|
| Otros Autores: | |
| Formato: | Desconocido |
| Publicado: |
[San José, Costa Rica]
1958
|
| Materias: | |
| Etiquetas: |
Agregar Etiqueta
Sin Etiquetas, Sea el primero en etiquetar este registro!
|
MARC
| LEADER | 00000 a2200000 4500 | ||
|---|---|---|---|
| 003 | 011051 | ||
| 005 | 20221231143803.0 | ||
| 008 | 140114s1958 c a m 000 ||sp d | ||
| 040 | |c cru CEDI | ||
| 090 | |a TFG 096 | ||
| 100 | |a Mata M, Luis Guillermo |9 17196 | ||
| 245 | |a Análisis de las propiedades mecánicas de la madera | ||
| 260 | |c 1958 |a [San José, Costa Rica] | ||
| 300 | |a 99 hojas : ilustraciones, cuadros ; 28 cm | ||
| 500 | |a Tesis (Ingeniero Civil) Universidad de Costa Rica. | ||
| 501 | |a Ed. mimeografiada | ||
| 650 | |x MADERA |9 17198 | ||
| 700 | |9 17197 |a Calderón K., Alvaro | ||
| 942 | |c TFG | ||
| 999 | |c 11984 |d 11984 | ||
